000 00304nam a22001337a 4500
008 181205b xxu||||| |||| 00| 0 eng d
020 _a9780201340273
041 _aeng
080 _25th
_a510
100 _a36
101 _aMAT
245 _aDevelopmental Mathematics
_cBittinger,M.L
942 _2udc
_cBK
999 _c52889
_d52889